00850nam a2200241u 450000100060000000300080000600500170001400800390003103500140007004000330008404100080011708200200012510000440014524500960018926000310028530000280031650400200034465000390036465000380040394200120044199900170045395201380047021240BD-RjUL20211209000650.0140303s19531805enk 001 paeng a(BD-RjUL) aDLCcCarPdDLCdBD-RjULbeng aeng a821.7bWOP 19531 aWordsworth, William,d1770-1850.96566814aThe prelude, or, Growth of a poet's mind :ban autobiographical poem /cWilliam Wordsworth. aLondon :bE. Moxon,c1953. axxxix, 327 p. ;c23 cm. aIncludes index. 0aPoetryxAuthorshipvPoetry.955608 0aPoetsxPsychologyvPoetry.955609 2ddccBK c21240d21240 00102ddc40728FICaRUCLbRUCLcReadingd1955-02-19eCourt H. stg5.15l0o821.7 WOP 1953r2014-03-03 00:00:00tC-1w2021-12-09yBK